Vrai nom ou Nom de Scène - Statistiques

Statistiques générales
  • Ce quiz a été pris 65 fois
  • Le résultat moyen est 12 sur 20
Statistiques - réponses
Question Réponse % Correct
Johnny Hallyday Nom de scène
86%
Francis Cabrel Vrai nom
83%
Stéphane Bern Vrai nom
83%
Jonathan Cohen Vrai nom
81%
Clara Luciani Vrai nom
78%
Patrick Sébastien Nom de scène
71%
Jean-Jacques Goldman Vrai nom
71%
Christophe Maé Nom de scène
65%
Florence Foresti Vrai nom
65%
Jean Reno Nom de scène
59%
France Gall Nom de scène
57%
Julien Doré Vrai nom
52%
Serge Gainsbourg Nom de scène
51%
Catherine Deneuve Nom de scène
48%
Michel Polnareff Vrai nom
48%
Julien Clerc Nom de scène
44%
Michel Berger Nom de scène
40%
Sophie Marceau Nom de scène
33%
Vincent Cassel Nom de scène
25%
Dany Boon Vrai Nom
11%
Aucun quiz correspondant
Distribution des résultats
% des personnes avec chaque résultat
Percentile par nombre de réponses
Votre historique - résultats
Vous n’avez pas pris ce quiz